Szczegóły MARC21

Palenie tytoniu /

003 -Nazwa inst., której nr kontr. jest w polu 001 [,]
    • @
    • Nazwa instytucji, której n kontrolny jest w polu 001
    • NUKAT
005 -DATA I CZAS OSTATNIEJ MODYFIKACJI [,]
    • @
    • pole kontrolne
    • 20250315141709.0
020 -Międzynarod. znormalizowany nr książki - ISBN [ , ]
    • a
    • Numer ISBN
    • 8385437533 Find
040 -Instytucja sporządzająca opis [ , ]
    • a
    • Instytucja, która sporządziła opis (NP)
    • KR 122/DP
    • c
    • Instytucja, która sporządziła rekord (NP)
    • KR 122/DP
    • d
    • Instytucja, która zmodyfikowała rekord (P)
    • KR 122/MN
041 -Język dokumentu [0, ]
    • a
    • Język tekstu (P)
    • polski
    • b
    • Język streszczeń lub abstraktu (P)
    • angielski
942 -Rodzaj dokumentu [ , ]
    • c
    • Rodzaj dokumentu
    • Książka
100 -Hasło główne - nazwa osobowa [1, ]
    • a
    • Nazwa osobowa (NP)
    • Mazur, Joanna.
    • 9
    • KHW
    • 81375
245 -Strefa tytułu i oznaczenia odpowiedzialności [1,0]
    • a
    • Tytuł
    • Palenie tytoniu / Find
    • c
    • Pozostałe elementy strefy tytułu i oznaczenia odpowiedzialności (NP)
    • oprac. Joanna Mazur, Barbara Woynarowska, Anna Kowalewska ; Katedra Biomedycznych Podstaw Rozwoju i Wychowania. Wydział Pedagogiczny Uniwersytetu Warszawskiego.
260 -Strefa adresu wydawniczego [ , ]
    • a
    • Miejsce wydania (P)
    • Warszawa :
    • b
    • Nazwa wydawcy (P)
    • ["Drukpol"],
    • c
    • Data wydania (P)
    • 2000.
300 -Strefa opisu fizycznego [ , ]
    • a
    • Określenie formy książki i/lub objętość (NP)
    • 66 s. :
    • b
    • Oznaczenie ilustracji (NP)
    • wykr. ;
    • c
    • Format (NP)
    • 25 cm.
336 -Typ zawartości [ , ]
    • a
    • Termin opisujący typ zawartości
    • Tekst
    • b
    • Kod określający zawartość
    • txt
    • 2
    • Źródło (terminu i kodu)
    • rdacontent
337 -Typ mediów [ , ]
    • a
    • Tryb odtwarzania
    • Bez urządzenia pośredniczącego
    • b
    • Kod typu mediów
    • n
    • 2
    • Źródło (terminu i kodu)
    • rdamedia
338 -Typ/rodzaj nośnika [ , ]
    • a
    • Hasło opisujące typ nośnika
    • Wolumin
    • b
    • Kod typu nośnika
    • nc
    • 2
    • Źródło (terminu i kodu)
    • rdacarrier
490 -Strefa serii i książki wielotomowej - forma nie do wyszukiwania [1, ]
    • a
    • Tytuł (P)
    • Zdrowie Młodzieży Szkolnej w Polsce Find
830 -Hasło dodatkowe serii i opisu książki wielotomowej - tytuł ujednolicony/tytuł [ ,0]
    • a
    • Tytuł ujednolicony/tytuł (NP)
    • Zdrowie Młodzieży Szkolnej w Polsce
    • 9
    • KHW
    • 513734
500 -Uwaga ogólna [ , ]
    • a
    • Uwaga ogólna (NP)
    • U dołu okł.: HBSC [Health Behaviour in School-Aged Children] 1998.
504 -Uwaga dot. bibliogr. załącznikowej [ , ]
    • a
    • Uwaga dot. bibliografii załącznikowej
    • Bibliogr. przy rozdz., wykaz piśmiennictwa polskiego dotyczącego palenia tytoniu przez dzieci i młodzież - 1990-1999 s. 48-56.
546 -Uwaga dot. języka [ , ]
    • a
    • Uwaga dot. języka
    • Streszcz. ang.
080 -Uniwersalna Klasyfikacja Dziesiętna [ , ]
    • 2
    • Identyfikator wydania tablic
    • UDC-P022
    • a
    • Symbol klasyfikacji
    • 613.84
    • b
    • Dopowiedzenie
    • Palenie tytoniu. Akcje antynikotynowe.
    • x
    • Poddział wspólny
    • (438+100)
    • b
    • Dopowiedzenie
    • (Polska+świat).
    • x
    • Poddział wspólny
    • "1989/..."
080 -Uniwersalna Klasyfikacja Dziesiętna [ , ]
    • 2
    • Identyfikator wydania tablic
    • UDC-P022
    • a
    • Symbol klasyfikacji
    • 613.96
    • b
    • Dopowiedzenie
    • Higiena wieku dojrzewania.
    • x
    • Poddział wspólny
    • (438+100)
    • b
    • Dopowiedzenie
    • (Polska+świat).
    • x
    • Poddział wspólny
    • "1989/..."
650 -Hasło przedmiotowe [ ,7]
    • a
    • Hasło przedmiotowe
    • Nastolatki
    • x
    • Określnik rzeczowy
    • używanie tytoniu
    • z
    • Określnik geograficzny
    • Polska
    • x
    • Określnik rzeczowy
    • statystyki.
    • 2
    • Źródło terminu
    • kaba
    • 9
    • KHW
    • 558482
650 -Hasło przedmiotowe [ ,7]
    • a
    • Hasło przedmiotowe
    • Uczniowie szkół średnich
    • x
    • Określnik rzeczowy
    • używanie tytoniu
    • z
    • Określnik geograficzny
    • Polska
    • x
    • Określnik rzeczowy
    • statystyki.
    • 2
    • Źródło terminu
    • kaba
    • 9
    • KHW
    • 558483
980 -Symbol UKD [ , ]
    • a
    • UKD
    • 613.84:613.9](438+100)"1989/..."
700 -Hasło dodatkowe - nazwa osobowa [1, ]
    • a
    • Nazwa osobowa (NP)
    • Woynarowska, Barbara. Find
    • 9
    • KHW
    • 19241
700 -Hasło dodatkowe - nazwa osobowa [1, ]
    • a
    • Nazwa osobowa (NP)
    • Kowalewska, Anna Find
    • d
    • Daty biograficzne (NP)
    • (19..-2023).
    • 9
    • KHW
    • 558374
710 -Hasło dodatkowe - nazwa ciała zbiorowego [2, ]
    • a
    • Nazwa ciała zbiorowego lub nazwa geograficzna jako pierwszy element (NP)
    • Wydawnictwo Drukpol.
    • 4
    • Kod relacji
    • pbl
    • 9
    • KHW
    • 603710
920 -ISBN [ , ]
    • a
    • ISBN
    • 83-85437-53-3 Find
Sygnatura Lokalizacja Data inwentaryzacji Uwagi nie widoczne w OPAC Numer inwentarzowy Status udost.
 BG2001-08-31przepisanyPd.140681
 BG2001-08-31przepisanyPd.14069-2
Uzależnienia, patologie 06BM2006-12-07 WF.79451
 BNS2001-08-31przepisanyF.305101